000 00560nam a2200241Ia 4500
003 OSt
005 20220912145718.0
006 a|||||r|||| 00| 0
007 ta
008 220909b |||||||| |||| 00| 0 eng d
024 _a74033
037 _cTextual
040 _aCSL
_beng
_cCSL
041 _aeng
082 _aC, M7
100 _aMurdoch Dugald
245 0 _aNiels bohr's philosophy of physics
260 _c1987
300 _ap.
_ccm.
650 _aphysics
942 _hC, M7
_cTEXL
_2CC
999 _c36815
_d36815